000 00758nam a2200289Ia 4500
005 20260324150339.0
008 008 260324s9999 xx 000 0 eng d
020 _a9781351042826
037 _aEBOOK
040 _aCRL
040 _beng
040 _cCRL
041 _2eng
041 _aeng
084 _qCRL
100 _aC. G. Baƫta
_91226108
245 0 _aChristianity in Tropical Africa
245 0 _bStudies Presented and Discussed at the Seventh International African Seminar, University of Ghana, April 1965
260 _bTaylor and Francis
260 _c1968
365 _a
365 _b230
856 _uhttp://www.taylorfrancis.com/books/9781351042826
942 _cEBOOK
999 _c1835400
_d1835400